Catálogo

Sacratísimo corazón de Jesús como rey de México : (Registro nro. 27919)

Detalles MARC
000 -LEADER
fixed length control field 01480cam a2200337 i 4500
001 - CONTROL NUMBER
control field 27919
003 - CONTROL NUMBER IDENTIFIER
control field Mx-PuUPA
005 - DATE AND TIME OF LATEST TRANSACTION
control field 20251113115256.0
008 - FIXED-LENGTH DATA ELEMENTS--GENERAL INFORMATION
fixed length control field 140415s2023 mx a gr 001 0 spa d
020 ## - INTERNATIONAL STANDARD BOOK NUMBER
Terms of availability en trámite
040 ## - CATALOGING SOURCE
Transcribing agency Mx-PuUPA
Original cataloging agency Mx-PuUPA
Language of cataloging spa
Modifying agency Mx-PuUPA
Description conventions rda
041 0# - LANGUAGE CODE
Language code of text/sound track or separate title spa
043 ## - GEOGRAPHIC AREA CODE
Geographic area code n-mx---
245 10 - TITLE STATEMENT
Title Sacratísimo corazón de Jesús como rey de México :
Remainder of title centenario de la solemne bendición y colocación de la primera piedra del segundo monumento votivo nacional de Cristo Rey 1923-2023 /
Statement of responsibility, etc. coordinador, Víctor Moreno Ramos
250 ## - EDITION STATEMENT
Edition statement Primera edición
264 #1 - PRODUCTION, PUBLICATION, DISTRIBUTION, MANUFACTURE, AND COPYRIGHT NOTICE
Place of production, publication, distribution, manufacture Aguascalientes, México :
Name of producer, publisher, distributor, manufacturer Plumis Aureis Ediciones,
Date of production, publication, distribution, manufacture, or copyright notice 2023
300 ## - PHYSICAL DESCRIPTION
Extent 292 páginas :
Other physical details ilustraciones (blanco y negro) ;
Dimensions 21 cm
336 ## - CONTENT TYPE
Fuente rdacontent
Content type term texto
Content type code txt
337 ## - MEDIA TYPE
Source rdamedia
Media type term sin medio
Media type code n
338 ## - CARRIER TYPE
Source rdacarrier
Carrier type term volumen
Carrier type code nc
600 04 - SUBJECT ADDED ENTRY--PERSONAL NAME
Personal name Jesucristo
General subdivision Monumentos conmemorativos
Geographic subdivision México
General subdivision Historia
600 04 - SUBJECT ADDED ENTRY--PERSONAL NAME
Personal name Jesucristo
General subdivision Historia de las doctrinas
Geographic subdivision México
650 #7 - SUBJECT ADDED ENTRY--TOPICAL TERM
Source of heading or term armarc
Topical term or geographic name entry element Arte y simbolismo cristiano
Geographic subdivision México
Chronological subdivision 1923-2023
General subdivision Historia
-- Aniversario
650 #7 - SUBJECT ADDED ENTRY--TOPICAL TERM
Source of heading or term armarc
Topical term or geographic name entry element Sagrado Corazón de Jesús
Geographic subdivision México
General subdivision Historia
Chronological subdivision 1923-2023
General subdivision Aniversario
651 #4 - SUBJECT ADDED ENTRY--GEOGRAPHIC NAME
Geographic name México
General subdivision Evangelización
-- Historia
700 1# - ADDED ENTRY--PERSONAL NAME
Personal name Moreno Ramos, Víctor,
Dates associated with a name 1958-
9 (RLIN) 17663
Relator term coordinador
942 ## - ADDED ENTRY ELEMENTS (KOHA)
Source of classification or shelving scheme Dewey Decimal Classification
Koha item type Libro
Classification part 731.88530972
Item part S55
Existencias
Withdrawn status Lost status Source of classification or shelving scheme Damaged status Not for loan Collection code Home library Current library Shelving location Date acquired Source of acquisition Cost, normal purchase price Total Checkouts Full call number Barcode Date last seen Cost, replacement price Price effective from Koha item type
    Dewey Decimal Classification     General Biblioteca Karol Wojtyla Biblioteca Karol Wojtyla Sala general 03/12/2013 Donación 0.00   731.88530972 S55 2023 46608 19/01/2026 0.00 03/12/2013 Libro